<?xml version="1.0" encoding="UTF-8"?>
<record
    xmlns:xsi="http://www.w3.org/2001/XMLSchema-instance"
    xsi:schemaLocation="http://www.loc.gov/MARC21/slim http://www.loc.gov/standards/marcxml/schema/MARC21slim.xsd"
    xmlns="http://www.loc.gov/MARC21/slim">

  <leader>02086nam a22002417a 4500</leader>
  <controlfield tag="001">7272</controlfield>
  <controlfield tag="003">FISKH</controlfield>
  <controlfield tag="005">20250707100216.0</controlfield>
  <controlfield tag="008">250707b        cb ||||| |||| 00| 0 eng d</controlfield>
  <datafield tag="020" ind1=" " ind2=" ">
    <subfield code="a">9780545620246</subfield>
  </datafield>
  <datafield tag="040" ind1=" " ind2=" ">
    <subfield code="a">FISKH</subfield>
    <subfield code="b">eng</subfield>
    <subfield code="c">FISKH</subfield>
    <subfield code="d">FISKH</subfield>
  </datafield>
  <datafield tag="050" ind1=" " ind2=" ">
    <subfield code="a">TH375 .H83</subfield>
  </datafield>
  <datafield tag="082" ind1=" " ind2=" ">
    <subfield code="a">690</subfield>
  </datafield>
  <datafield tag="100" ind1=" " ind2=" ">
    <subfield code="a">Hudson, Cheryl Willis </subfield>
  </datafield>
  <datafield tag="245" ind1=" " ind2=" ">
    <subfield code="a">Construction zone /</subfield>
    <subfield code="c">Photographs by Richard Sobol ; Text by Cheryl Willis Hudson </subfield>
  </datafield>
  <datafield tag="260" ind1=" " ind2=" ">
    <subfield code="a">New York : </subfield>
    <subfield code="b">Scholastic, </subfield>
    <subfield code="c">2006. </subfield>
  </datafield>
  <datafield tag="300" ind1=" " ind2=" ">
    <subfield code="a">32 unnumbered pages : </subfield>
    <subfield code="b">color illustrations ; </subfield>
    <subfield code="c">26 cm</subfield>
  </datafield>
  <datafield tag="520" ind1=" " ind2=" ">
    <subfield code="a">Put on your hard hat and step inside the construction zone: you're invited on a virtual tour of a building in progress. Put on your hard hat and step inside CONSTRUCTION ZONE! Caution! Construction zone ahead! Anyone who has ever stopped to watch a big building going up - and who hasn't? - will be thrilled by this behind-the-scenes look at an amazing construction project. Young readers are invited to come on a virtual tour of a building in progress, led by award-winning photographer Richard Sobol. It takes hundreds of workers, thousands of trucks and machines, and millions of nails and bolts to transform an idea on paper into an actual building in which people will live, play, shop, or work. Every single piece of the construction puzzle - big and small - must fit together flawlessly. With a clear, direct narrative and handy definitions of construction-related jobs, machines, and terms, Cheryl Willis Hudson distills this most complex of projects into language a young child can grasp. The building itself - the Stata Center at the Massachusetts Institute of Technology, designed by Pritzker Prize-winning architect Frank O. Gehry - is playful and colorful, sculpted to excite, delight, and surprise. Richard Sobol's vivid color photographs capture all the excitement of the busy construction site, while offering a close-up view of its breathtaking genius.</subfield>
  </datafield>
  <datafield tag="650" ind1=" " ind2=" ">
    <subfield code="a">Architecture</subfield>
    <subfield code="v">Building sites </subfield>
    <subfield code="x">Construction</subfield>
  </datafield>
  <datafield tag="700" ind1=" " ind2=" ">
    <subfield code="a">Sobol, Richard </subfield>
    <subfield code="e">illustrator </subfield>
  </datafield>
  <datafield tag="942" ind1=" " ind2=" ">
    <subfield code="2">ddc</subfield>
    <subfield code="c">BK</subfield>
    <subfield code="n">0</subfield>
  </datafield>
  <datafield tag="999" ind1=" " ind2=" ">
    <subfield code="c">7272</subfield>
    <subfield code="d">7272</subfield>
  </datafield>
  <datafield tag="952" ind1=" " ind2=" ">
    <subfield code="0">0</subfield>
    <subfield code="1">0</subfield>
    <subfield code="2">ddc</subfield>
    <subfield code="4">0</subfield>
    <subfield code="7">0</subfield>
    <subfield code="8">NFIC</subfield>
    <subfield code="a">001</subfield>
    <subfield code="b">001</subfield>
    <subfield code="c">ATKSNF</subfield>
    <subfield code="d">2025-07-07</subfield>
    <subfield code="l">0</subfield>
    <subfield code="o">HUD 690 TH375 .H83 </subfield>
    <subfield code="p">FISBK06051</subfield>
    <subfield code="r">2025-07-07 10:02:14</subfield>
    <subfield code="t">1</subfield>
    <subfield code="w">2025-07-07</subfield>
    <subfield code="y">BK</subfield>
  </datafield>
  <datafield tag="952" ind1=" " ind2=" ">
    <subfield code="0">0</subfield>
    <subfield code="1">0</subfield>
    <subfield code="2">ddc</subfield>
    <subfield code="4">0</subfield>
    <subfield code="7">0</subfield>
    <subfield code="8">NFIC</subfield>
    <subfield code="a">002</subfield>
    <subfield code="b">002</subfield>
    <subfield code="c">SNS</subfield>
    <subfield code="d">2025-09-11</subfield>
    <subfield code="l">0</subfield>
    <subfield code="o">HUD 690 TH375 .H83 </subfield>
    <subfield code="p">FIS02068</subfield>
    <subfield code="r">2025-09-11 10:18:08</subfield>
    <subfield code="t">2</subfield>
    <subfield code="w">2025-09-11</subfield>
    <subfield code="y">BK</subfield>
  </datafield>
  <datafield tag="952" ind1=" " ind2=" ">
    <subfield code="0">0</subfield>
    <subfield code="1">0</subfield>
    <subfield code="2">ddc</subfield>
    <subfield code="4">0</subfield>
    <subfield code="7">0</subfield>
    <subfield code="8">NFIC</subfield>
    <subfield code="a">002</subfield>
    <subfield code="b">002</subfield>
    <subfield code="c">SNS</subfield>
    <subfield code="d">2025-10-30</subfield>
    <subfield code="l">0</subfield>
    <subfield code="o">HUD 690 TH375 .H83 </subfield>
    <subfield code="p">FISTK01982</subfield>
    <subfield code="r">2025-10-30 08:17:56</subfield>
    <subfield code="t">3</subfield>
    <subfield code="w">2025-10-30</subfield>
    <subfield code="y">BK</subfield>
  </datafield>
</record>
